| 000 | 00758nam a2200277Ia 4500 | ||
|---|---|---|---|
| 008 | 160803s9999 xx 000 0 und d | ||
| 020 | _a9780060007348 | ||
| 100 | _aKenah, Katharine | ||
| 245 | 4 | _aThe best seat in second grade / | |
| 245 | _cstory by Katharine Kenah ; pictures by Abby Carter. | ||
| 260 | _aNew York : | ||
| 260 | _bScholastic Inc. | ||
| 260 | _c2005 | ||
| 300 | _a48 pages : | ||
| 300 | _bcolor illustrations ; | ||
| 300 | _c23 cm. | ||
| 650 | _aHamsters -- | ||
| 650 | _aLost and found possessions -- | ||
| 650 | _aMuseums -- | ||
| 650 | _aSchool field trips -- | ||
| 650 | _xJuvenile fiction. | ||
| 650 | _xJuvenile fiction. | ||
| 650 | _xJuvenile fiction. | ||
| 650 | _xJuvenile fiction. | ||
| 700 | _a520 | ||
| 999 |
_c299474 _d299474 |
||